000 00204 a2200109 4500
020 _a9780176240103
041 _aeng
100 _aHeather Hammonds
245 _aA witd Chime
942 _cBK
952 _71
999 _c18797
_d18797